S HZDS určite nie predseda SDĽ Jozef Migaš o zostavovaní novej vlády pre Pravdu

Bibliographic Details
Main Authors: Slišková, Nora (ain), Migaš, Jozef, 1954- (Author, uin)
Format: Article
Language:Slovak
PhysicalDescription:Fotogr.
Subjects:

MARC

LEADER 00000nab a2200000 a 4500
001 vtls000668658
003 SK-MaSNL
005 20260303184019.0
008 180206c1998 xo 0 slo
015 |a SNBRB1998/09-26695 
035 |a CLN000020839 
040 |a SNKBUCL  |b slo  |c SNKBUCL  |e AACR2 
041 0 |a slo 
044 |a xo  |c SK 
080 |a 329.14(437.6)SDĽ  |2 UDC-MRF-SK2 
100 1 |a Slišková, Nora  |4 ain  |9 266806 
245 1 0 |a S HZDS určite nie  |b predseda SDĽ Jozef Migaš o zostavovaní novej vlády pre Pravdu  |c [zhovárala sa] Nora Slišková 
300 |b Fotogr. 
610 2 7 |a Strana demokratickej ľavice  |2 snkbucl  |9 165260 
655 7 |a články z novín a časopisov  |2 snkbucl  |9 267496 
700 1 |a Migaš, Jozef,  |d 1954-  |4 aut  |4 uin  |9 155175 
773 0 |t Pravda  |g Roč. 8, č. 223 (28.7.1998), s. 1 a 4 
850 |a Slovenská národná knižnica v Martine 
852 |a SNK  |b KIS3GCP 
958 |a RBX 
999 |c 2124382  |d 2126312